Movie and Tv Vampires - Statistics

General Stats
  • This quiz has been taken 78 times
  • The average score is 12 of 29
Answer Stats
movie/ TV actor character name % Correct
twilight movie Robert Pattinson Edward Cullen
95%
Dracula tv/ movie Claes Bang Dracula
80%
Van Helsing tv Tricia Helfer Dracula
80%
The Vampire Diaries tv Ian Somerhalder Damon Salvatore
73%
The Vampire Diaries tv Paul wesley Stefan salvatore
69%
twilight movie Ashley Greene Alice Cullen
65%
The Vampire Diaries tv Nina Dobrev elena Gilbert
62%
The Originals tv Joseph Morgan Klaus Mikaelson
60%
The Vampire Diaries tv Candice King Caroline Forbes
56%
The Vampire Diaries tv Nina Dobrev Katherine Pierce
53%
The originals tv Daniel Gillies Elijah Mikaelson
51%
Buffy the Vampire Slayer tv David boreanaz Angel
45%
Twilight movie Peter Facinelli Carlisle Cullen
45%
Hotel Transylvania movie Selena Gomez Mavis
45%
The Originals tv Claire Holt Rebekah Mikaelson
45%
Interview with a vampire movie Tom Cruise Lestat de Lioncourt
42%
true Blood tv Stephen Moyer Bill Compton
33%
Hotel Transylvania movie Adam Sandler Count Drac
31%
True Blood tv Alexander Skarsgard Eric Northman
27%
The Originals tv Charles Michael Davis Marcel Gerard
25%
Dark Shadows movie Johnny Depp Barnabas
22%
Shadowhunters tv Alberto Rosende Simon Lewis
18%
Underworld movie Kate Beckinsale Selene
16%
a Discovery of Witches tv Matthew Goode Matthew Clairmont
15%
Shadowhunters tv David Castro Raphael
15%
True Blood tv Kristin Bauer Van Straten Pam
11%
True Blood tv Deborah Ann Woll Jessica Hamby
9%
A Discovery of Witches tv Edward Bluemel Marcus Whitmore
4%
True Blood tv Denis O'hare Russell Edgington
0%
No matching quizzes found
Score Distribution
Percent of People with Each Score
Percentile by Number Answered
Your Score History
You have not taken this quiz